El santo cura de Ars

Đã lưu trong:
Chi tiết về thư mục
Tác giả chính: Gheon, Henri (Tác giả)
Định dạng: Sách
Ngôn ngữ:Tiếng Tây Ban Nha
Được phát hành: Buenos Aires Difusión 1943
Phiên bản:1a. ed
Loạt:Los Grandes Ejemplos, 26
Những chủ đề:
Các nhãn: Thêm thẻ
Không có thẻ, Là người đầu tiên thẻ bản ghi này!

MARC

LEADER 00000cam a2200000 a 4500
001 UCE3896
003 CL-VaPUC
008 141003e19430000ag |||||||||||||||||spa|d
082 0 4 |a 922.2  |b GHE  |2 21 
100 0 |a Gheon, Henri  |e author  |9 576419 
245 1 3 |a El santo cura de Ars 
250 |a 1a. ed 
300 |a 172 p 
942 |c BK 
945 |d 20141003 14:17:00  |a dcastane 
260 |a Buenos Aires  |b Difusión  |c 1943 
650 0 |a Biografías  |9 255210 
650 7 |a RELIGIOSOS  |2 CL-VaPUC  |9 352012 
650 0 |a Hagiografías   |9 517459 
583 |a last modification  |c 20141008 11:39:08  |k Rodrigo Vera 
490 0 |a Los Grandes Ejemplos, 26 
999 |c 357013  |d 357011 
952 |0 0  |1 0  |3 erb  |4 0  |6 922_200000000000000_GHE_1943  |7 0  |8 P  |9 464820  |a BIBTEO  |b BIBTEO  |i 4999665  |o 922.2 GHE 1943  |p 4999665  |r 2025-01-17  |w 2019-11-23  |y BK  |z Catalogado en:20141003  |k ICR